Cost-benefit analysis of proposed California oil and gas refinery regulations /

Bibliographic Details
Main Authors: Gonzales, Daniel (Author), Gulden, Timothy R. (Author), Strong, Aaron (Author), Hoyle, W. (William) (Author)
Format: Book
Language:English
Published: Santa Monica, Calif. : RAND Corporation, [2016]
Subjects:

MARC

Tag First Indicator Second Indicator Subfields
LEADER 00000cam a2200000Ii 4500
001 in00003774576
005 20160510112140.0
008 160325s2016 cau b 000 0 eng d
035 |a (OCoLC)ocn945582444 
040 |a YDXCP  |b eng  |e rda  |c YDXCP  |d KSG  |d OCLCO  |d BDX  |d TXA 
020 |a 0833094122 
020 |a 9780833094124 
043 |a n-us--- 
050 4 |a TP690.6  |b .G66 2016 
049 |a TXAM 
100 1 |a Gonzales, Daniel,  |e author. 
245 1 0 |a Cost-benefit analysis of proposed California oil and gas refinery regulations /  |c Daniel Gonzales, Timothy R. Gulden, Aaron Strong, William Hoyle. 
264 1 |a Santa Monica, Calif. :  |b RAND Corporation,  |c [2016] 
300 |a xxvi, 98 pages ;  |c 26 cm 
336 |a text  |b txt  |2 rdacontent 
337 |a unmediated  |b n  |2 rdamedia 
338 |a volume  |b nc  |2 rdacarrier 
500 |a "RR-1421-DIR"--Cover page 4. 
504 |a Includes bibliographical references (pages 95-98) 
650 0 |a Petroleum refineries  |x Safety measures  |x Law and legislation  |z United States. 
650 0 |a Gas manufacture and works  |x Safety measures  |x Law and legislation  |z United States. 
700 1 |a Gulden, Timothy R.,  |e author. 
700 1 |a Strong, Aaron,  |e author. 
700 1 |a Hoyle, W.  |q (William),  |e author. 
948 |a cataloged  |b h  |c 2016/5/10  |d c  |e ceaton  |f 11:20:55 am 
994 |a C0  |b TXA 
999 f f |s 08a71279-54f3-389c-b78c-e636dab90425  |i e4019e4c-771e-3493-b518-6292f2bdd9f5  |t 0 
952 f f |p normal  |a Texas A&M University  |b College Station  |c Sterling C. Evans Library  |d Evans: Library Stacks  |t 0  |e TP690.6 .G66 2016  |h Library of Congress classification  |i unmediated -- volume  |m A14843500928 
998 f f |a TP690.6 .G66 2016  |t 0  |l Evans: Library Stacks